000 00279nam a22001217a 4500
008 170202b xxu||||| |||| 00| 0 eng d
041 _aeng
080 _24TH
_a61
100 _a3
101 _aSHM
245 _aCHRONIC OBSTRUCTIVE PULMONARYDISEASE
_cEDWARDS. M.J
942 _2udc
_cBK
999 _c4238
_d4238